Statystyki dla Państwa według wskaźnika rozwoju społecznego

Kliknij tutaj aby rozwiązać quiz!

Ogólne statystyki

  • Ten quiz został rozwiązany 86 razy
    (56 od ostatniego zresetowania)
  • Średni wynik to 26 z 30

Statystyki odpowiedzi

WRS
(2015)
Państwo% Poprawnych
0.884Hiszpania
100%
0.903Japonia
100%
0.926Niemcy
100%
0.893Austria
97%
0.897Francja
97%
0.920Stany Zjednoczone
97%
0.895Finlandia
95%
0.920Kanada
95%
0.949Norwegia
95%
0.939Szwajcaria
95%
0.913Szwecja
95%
0.909Wielka Brytania
95%
0.939Australia
92%
0.901Korea Południowa
92%
0.887Włochy
92%
0.896Belgia
89%
0.878Czechy
89%
0.925Dania
89%
0.924Holandia
89%
0.923Irlandia
89%
0.921Islandia
86%
0.898Luksemburg
84%
0.912Liechtenstein
78%
0.915Nowa Zelandia
78%
0.866Grecja
68%
0.865Estonia
65%
0.925Singapur
65%
0.899Izrael
62%
0.890Słowenia
59%
0.865Brunei
30%

Rozkład punktacji

Percentyl według liczby udzielonych odpowiedzi

Procent ludzi z każdym wynikiem

Twoja historia wyników

Nie rozwiązałeś tego quizu od ostatniego zresetowania